00428nam a2200145Ia 4500008004100000020001500041041001200056082001600068100001800084245010300102260003400205300000800239650001600247700001900263221030s9999 xx 000 0 und d a8187527021 aEnglish a105.23bJai aB. M. Agarwal 0aUse of the Internet for Chartered Accounts & Company Secretariescby B. M. Agarwal, B. M. Aggrawal bMashbra Ind.aNew Delhic2000 a300 aBE Computer aB. M. Aggrawal